LEADER 00889nam a22002531i 4500 001 991003126929707536 005 20030901122822.0 008 030925s1930 it |||||||||||||||||ita 035 $ab12383508-39ule_inst 035 $aARCHE-043103$9ExL 040 $aBiblioteca Interfacoltà$bita$cA.t.i. Arché s.c.r.l. Pandora Sicilia s.r.l. 082 04$a928 100 1 $aTonelli, Luigi$02014 245 10$aPetrarca /$cLuigi Tonelli 260 $aMilano :$bCorbaccio,$c1930 300 $a374 p. ;$c20 cm 440 0$aCultura contemporanea ;$v28 650 4$aPetrarca, Francesco 907 $a.b12383508$b02-04-14$c08-10-03 912 $a991003126929707536 945 $aLE002 It. XI A 7 (Fondo Sanesi)$g1$i2002000168832$lle002$o-$pE0.00$q-$rn$so $t0$u0$v0$w0$x0$y.i12790242$z08-10-03 996 $aPetrarca$9169228 997 $aUNISALENTO 998 $ale002$b08-10-03$cm$da $e-$fita$git $h0$i1 LEADER 00899nam a2200277 i 4500 001 991004369037507536 005 20250219153702.0 008 250219s1951 it er 001 0 ita d 040 $aBibl. Dip.le Aggr. Scienze Giuridiche - Sez. Studi Giuridici$bita$cSocioculturale Scs 041 1 $aita$heng 082 04$a612.68$223 082 04$a571.879 100 1 $aHauser, Gayelord$01733820 240 10$aLook younger, live longer$94314797 245 10$aSiate più giovani vivete più a lungo /$cGayelord Hauser 250 $a7. ed. 260 $aRoma :$bCasini,$c1951 300 $a406 p. ;$c18 cm 490 1 $aLa scienza e la vita ;$v7 500 $aTraduzione dall'americano di Gianna Tornabuoni 650 4$aLongevità 700 1 $aTornabuoni, Gianna 830 3$aLa scienza e la vita ;$v7 912 $a991004369037507536 996 $aLook younger, live longer$94314797 997 $aUNISALENTO